MARC детайли
| 000 -Лидер |
| Контролно поле с фиксирана дължина |
02671nam a2200493 c 4500 |
| 003 - Код на организацията, давaща контролен номер |
| Контролно поле |
BLK |
| 005 - Дата и час на последна редакция |
| Контролно поле |
20211115085459.0 |
| 008 - Елементи от данни с фиксирана дължина |
| fixed length control field |
180410b bul|||||r ||||||| ||bul|| |
| 010 ## - Наследен системен номер |
| LC control number |
KNG00168628000 |
| 020 ## - Международен стандартен номер на книга ISBN |
| Международен стандартен номер на книга ISBN |
978-954-515-240-5 |
| -- |
издат.: Милениум |
| 040 ## - Източник на каталожния запис |
| Идентификатор на билиотеката - собственик на записа |
BLK |
| 041 ## - Код за език |
| Код за езика на текст/звукозапис или на отделно заглавие |
Български |
| Код за езика КДБФ |
Български |
| 072 #7 - Код за тематичната категория |
| Код организация |
bullib |
| Код за тематична категория |
Н35 |
| Текст |
Обществено управление. Военни науки Н |
| 080 ## - УДК |
| Текстов определител УДК |
Органи на обществения ред. Полиция. Обществена власт. Доброволни отреди. Държавна сигурност. Милиция. Дейност на полицията по вътрешно разузнаване |
| УДК код - определител по УДК |
351.74 |
| УДК определител |
(497.2)(092) |
| УДК - код + определител |
351.74(497.2)(092) |
| 080 ## - УДК |
| Текстов определител УДК |
Политическо преследване. Терористични действия. Тероризъм - Атентати, политически убийства. Вж и 343.1 ; 343.3/.7 |
| УДК код - определител по УДК |
323.28 |
| УДК определител |
(497.2)(092) |
| УДК - код + определител |
323.28(497.2)(092) |
| 080 ## - УДК |
| Текстов определител УДК |
Български дипломат и политик, министър-председател на България, агент на ДС |
| УДК код - определител по УДК |
929 Кьосеиванов, Георги Иванов |
| УДК определител |
|
| УДК - код + определител |
929 Кьосеиванов, Георги Иванов |
| 100 1# - Редна дума - Автор |
| Автор |
Тодоров, Антон Динев |
| Авторска отговорност |
първи автор |
| R(LIN) |
328793 |
| 139 ## - Редно поле |
| Редна дума |
Тодоров, Антон Динев |
| Авторски знак |
Кьо - К 98 |
| 245 10 - Сведения за заглавието |
| Заглавие |
Агент Леон |
| Подзаглавни данни |
Или как ДС вербува Георги Кьосеиванов |
| Редно поле (дума) |
Антон Динев Тодоров. |
| 257 ## - Страна на издаване |
| Страна на създаване/издаване |
България |
| 260 ## - Област на издателските данни |
| -- |
София |
| Име на издателя, разпространителя и проч. |
Милениум |
| Година на издаване |
2014 |
| Печатница |
София : Инвестпрес |
| 300 ## - Физическа характеристика |
| Страници |
264 с. |
| Илюстрации и др. |
със сн., факс. |
| Размери/Мащаб |
21 см |
| 380 ## - Жанр |
| Жанр |
Обществени науки |
| 490 1# - СЕРИИ (Колекции) |
| Име на серия |
Строго секретно |
| 500 ## - Общи забележки |
| Забележка |
Библиогр. с. 259-260. |
| 600 14 - Име на лице, използвано като предмет |
| За него / За нея |
Кьосеиванов, Георги Иванов |
| 9 (RLIN) |
224407 |
| 650 #4 - Допълнително описание по предмет – тема |
| Основно описание – тема или топоним |
Кьосеиванов, Георги Иванов |
| 9 (RLIN) |
224407 |
| 650 #4 - Допълнително описание по предмет – тема |
| Основно описание – тема или топоним |
Политици, български - биографии |
| 9 (RLIN) |
250984 |
| 650 #4 - Допълнително описание по предмет – тема |
| Основно описание – тема или топоним |
Разузнаване - България |
| 9 (RLIN) |
250881 |
| 650 #4 - Допълнително описание по предмет – тема |
| Основно описание – тема или топоним |
Държавна сигурност - България |
| 9 (RLIN) |
254494 |
| 651 #4 - Допълнително описание по предмет - топоним |
| Географско понятие |
България |
| 9 (RLIN) |
241624 |
| 653 ## - Ключова дума – ненормативна |
| Ключова дума |
Георги Кьосеиванов |
| 653 ## - Ключова дума – ненормативна |
| Ключова дума |
български политици |
| 653 ## - Ключова дума – ненормативна |
| Ключова дума |
дипломати |
| 653 ## - Ключова дума – ненормативна |
| Ключова дума |
тайни агенти |
| 653 ## - Ключова дума – ненормативна |
| Ключова дума |
държавна сигурност |
| 653 ## - Ключова дума – ненормативна |
| Ключова дума |
биографии |
| 659 ## - Тематичен бюлетин |
| Тематичен бюлетин |
Н |
| 852 ## - Местоположение |
| Форматна сигнатура |
Цб 271887 |
| 856 4# - Електронен адрес и достъп |
| Електронен формат |
pdf - файл |
| Път до файла /url/ |
|
| 856 4# - Електронен адрес и достъп |
| Електронен формат |
pdf - файл |
| Път до файла /url/ |
|
| 942 ## - АРТИКУЛИ |
| Вид на библиотечния материал |
Книги |
| Скрит в OPAC |
Не |
| Koha issues (borrowed), all copies |
3 |
| 944 ## - СЪЗДАВАНЕ И РЕДАКЦИЯ на ЗАПИСА |
| Създаване/Редакция |
Създаване |
| Дата на регистрацията/редакция |
11.12.2014 |
| Статус, дата на статуса |
ф / |
| Служител, извършил регистрацията/редакцията |
Виолета_Тройчева |
| 944 ## - СЪЗДАВАНЕ И РЕДАКЦИЯ на ЗАПИСА |
| Създаване/Редакция |
Редакция |
| Дата на регистрацията/редакция |
14.03.2016 |
| Статус, дата на статуса |
ф / |
| Служител, извършил регистрацията/редакцията |
Людмила_Стоянова |
| 999 ## - СИСТЕМНИ КОНТРОЛНИ НОМЕРА |
| Koha biblionumber |
161319 |
| Koha biblioitemnumber |
161319 |